Chambéry - Choix multiples - Statistiques

Statistiques générales
  • Ce quiz a été pris 75 fois
  • Le résultat moyen est 5 sur 10
Statistiques - réponses
Question Réponse % Correct
Laquelle parmi ces villes est la plus proche de Chambéry ? Aix-les-Bains
92%
Quel marque de couteaux tranchants de haute qualité a été fondée à Chambéry en 1920 ? Opinel
89%
Laquelle parmi ces images représente Chambéry ?
83%
Quelle relique de Jésus Christ est restée au château des Ducs de Savoie de Chambéry jusqu'en 1572 ? Le Suaire de Turin
66%
Lequel parmi ces lacs ne se trouve pas à moins de 30 kilomètres de route du centre de Chambéry ? Le Lac d'Annecy
55%
Quel vin aromatisé généralement servi comme apéritif (à consommer avec modération) est produit à Chambéry ? Le vermouth
29%
Quelle fin tragique le cuisinier chambérien Auguste Louis Coutin né en 1884 a-t-il connu ? Il a péri dans le naufrage du Titanic.
25%
Quel coureur cycliste a été sacré champion du monde à Chambéry en 1989 ? Greg LeMond
23%
Quel pays a intensivement bombardé Chambéry le 26 mai 1944 ? Les États-Unis d'Amérique
22%
À quel courant religieux adhère l'Association Saint Pie V de Chambéry ? Le sédévacantisme
12%
Aucun quiz correspondant
Distribution des résultats
% des personnes avec chaque résultat
Percentile par nombre de réponses
Votre historique - résultats
Vous n’avez pas pris ce quiz